| 000 | 00000nam##2200000za#4500 |
| 001 | 9.700393 |
| 003 | CaOODSP |
| 005 | 20210625000819 |
| 007 | cr ||||||||||| |
| 008 | 150407|1968||||xxc|||||o f|0| 0 eng|d |
| 040 | |aCaOODSP|beng |
| 043 | |an-cn--- |
| 086 | 1 |aA53-849/1968E-PDF |
| 110 | 1 |aCanada.|bAgriculture Canada. |bInformation Services. |
| 245 | 10|aPlums for cold areas of Eastern Canada / |h[electronic resource]|c[by] D.S. Blair. |
| 260 | |aOttawa - Ontario : |bAgriculture Canada. |cc1968. |
| 300 | |a16p.|billus. |
| 500 | |aHistorical publication digitized by Agriculture and Agri-Food Canada. |
| 590 | |a15-03-Supp|b2015-03-13 |
| 690 | 07|aPlant diseases|2gcpds |
| 720 | 1 |aBlair, D. S. |
| 775 | 08|tPruniers pour les régions de l'Est du Canada / |w(CaOODSP)9.644287 |
| 856 | 40|ahttp://publications.gc.ca|qPDF|s1551 KB|uhttps://publications.gc.ca/collections/collection_2015/aac-aafc/A53-849-1968-eng.pdf |
| 986 | |aPublication 849 |